Every Brawler Title Quiz - Statistics

General Stats
  • This quiz has been taken 51 times
  • The average score is 22 of 67
Answer Stats
Hint Answer % Correct
Jacky #@%**
100%
Shelly No Time To Explain!
72%
Edgar CEO Of Brawl Stars
69%
Colt The Pretty
69%
Brock Boom!
62%
Piper The Sniper
55%
Dynamike Birdie,Birdie,Birdie!
52%
Bull Bulldozer!
52%
Bea Queen
52%
Pam Your Mom
52%
Mortis Creature Of The Night
48%
El Primo El Luchador
48%
Max I AM SPEED!
48%
Gene Talk To The Hand
48%
Grom With One Left Hand!
48%
Bibi Cool Cat
45%
Poco El Mariachi
45%
Emz #haters
45%
Bo One With Nature
45%
Jessie The Builder
45%
Crow Caw Caw!
41%
Mr. P The Boss
41%
Griff The Greedy
41%
Frank The Tank
41%
Nita The Untamed
41%
Rosa Touching Grass
41%
Carl The Geologist
38%
Tick Where's My Head
38%
Nani Nanny
34%
Gus The Lost
34%
Penny The Salty
34%
Eve Mother
31%
Rico The Lover
31%
Stu Wicked
31%
Barley You Got Served!
31%
Spike One Of A Kind
28%
Darryl Pirrrate!
28%
Tara What's In The Cards?
28%
Buzz Born Bad
24%
Fang Sneaker Artist
24%
Belle Starr
24%
Meg Tech Support 2.0
24%
Surge Bro
21%
Amber Fire Starter
21%
Squeak Is An Accident
21%
Chester Jack Of All Trades
21%
Otis The Artist
21%
Byron The Sensational
21%
Gray The Shady
21%
Leon The Sneaky
21%
Lou Is Here For You
17%
Gale The Janitor
17%
Bonnie The Reckless
17%
Sandy The Sleepy
17%
Lola Drama Queen
14%
Sam In Your Face!
14%
Willow Is In Your Head
14%
Buster Blockbuster
10%
Maisie Master Of Disaster
10%
Janet The Rocket
10%
R-T The Watcher
10%
Mandy Tough Cookie
10%
Ash Trash Tier
10%
Ruffs Colonel
7%
8 Bit SYS 64738
7%
Sprout Tree Huger
7%
Colette The Collecter
3%
No matching quizzes found
Score Distribution
Percent of People with Each Score
Percentile by Number Answered
Your Score History
You have not taken this quiz